[Event "6' Memorial Gino Serafini"]
[Site "?"]
[Date "2019.09.27"]
[Round "1"]
[White "Rinaudo, Andrea"]
[Black "Collutiis , Duilio"]
[Result "0-1"]
[WhiteElo "2055"]
[BlackElo "2400"]
[PlyCount "66"]
[EventDate "2019.09.30"]
[SourceDate "2019.09.30"]

1. e4 c5 2. Nf3 e6 3. b3 b6 4. Bb2 Bb7 5. Nc3 d6 6. d4 cxd4 7. Bb5+ Nd7 8. Nxd4
Ngf6 9. O-O a6 10. Bc6 Bxc6 11. Nxc6 Qc7 12. Nd4 Be7 13. Rc1 O-O 14. f3 b5 15.
Qd2 Rfe8 16. Kh1 Rac8 17. Rfd1 Qb7 18. Qe3 Bf8 19. g4 Ne5 20. h3 Rc7 21. g5
Nfd7 22. f4 Ng6 23. f5 exf5 24. Nxf5 Rxc3 25. Bxc3 Rxe4 26. Qf3 Re1+ 27. Kg2
Nf4+ 28. Kf2 Re2+ 29. Kg3 Nh5+ 30. Qxh5 Qg2+ 31. Kh4 Re4+ 32. Qg4 Rxg4+ 33.
hxg4 Qh2# 0-1